000
00334nam a2200145Ia 4500
008
230718s9999 xx 000 0 und d
041
_a
Eng.
082
_a
343.54
_b
BAJ-A
100
_a
Bajwa,Akhtar
245
0
_a
Administrative law
260
_a
Pakistan
_b
Civil law publisher
_c
2012
300
_a
202
650
_a
Law
999
_c
30326
_d
30326